Normal view
MARC view
Entry Personal Name
001 - CONTROL NUMBER
- control field: 29140
003 - CONTROL NUMBER IDENTIFIER
- control field: dpl
005 - DATE AND TIME OF LATEST TRANSACTION
- control field: 20110701165345.0
008 - FIXED-LENGTH DATA ELEMENTS
- fixed length control field: 110701|||a|||||| | ||| d
040 ## - CATALOGING SOURCE
- Original cataloging agency: dpl
- Transcribing agency: dpl
100 ## - HEADING--PERSONAL NAME
- Personal name: पाई, रूपा
670 ## - SOURCE DATA FOUND
- Source citation: Work cat.: (dpl)53468: पाई, रूपा, नमकीन किस्से /, 2009
670 ## - SOURCE DATA FOUND
- Source citation: Work cat.: (dpl)53468: पाई, रूपा, नमकीन किस्से /, 2009
